[Event "U12 Polish Youth Championship"]
[Site "chess24.com"]
[Date "2018.04.30"]
[Round "3"]
[White "Jedraszek, Pawel"]
[Black "Blazniak, Bartlomiej"]
[Result "1/2-1/2"]
[Board "20"]
[WhiteElo "1514"]
[WhiteCountry "POL"]
[WhiteFideId "21833710"]
[WhiteEloChange "-4"]
[BlackElo "1385"]
[BlackCountry "POL"]
[BlackFideId "21835640"]
[BlackEloChange "4"]

1. e4 {[%clk 1:30:58]} c5 {[%clk 1:30:57]} 2. Nf3 {[%clk 1:31:22]} Nc6 {[%clk
1:31:24]} 3. d4 {[%clk 1:31:47]} cxd4 {[%clk 1:31:50]} 4. Nxd4 {[%clk 1:32:13]}
Nf6 {[%clk 1:32:16]} 5. Nc3 {[%clk 1:31:42]} e5 {[%clk 1:32:40]} 6. Ndb5 {[%clk
1:32:02]} Bb4 {[%clk 1:33:03]} 7. a3 {[%clk 1:22:48]} Bxc3+ {[%clk 1:33:21]} 8.
Nxc3 {[%clk 1:23:04]} d6 {[%clk 1:33:43]} 9. Bg5 {[%clk 1:22:28]} h6 {[%clk
1:33:22]} 10. Bxf6 {[%clk 1:22:22]} Qxf6 {[%clk 1:33:17]} 11. Nd5 {[%clk
1:22:44]} Qd8 {[%clk 1:33:40]} 12. Bc4 {[%clk 1:21:26]} Be6 {[%clk 1:33:53]} 13.
O-O {[%clk 1:20:17]} O-O {[%clk 1:32:55]} 14. Qd2 {[%clk 1:11:17]} Qd7 {[%clk
1:30:07]} 15. Rad1 {[%clk 1:10:49]} Rfd8 {[%clk 1:28:57]} 16. Ne3 {[%clk
1:08:35]} Rac8 {[%clk 1:27:23]} 17. c3 {[%clk 1:06:35]} Ne7 {[%clk 1:24:53]} 18.
Bd5 {[%clk 1:00:00]} Bxd5 {[%clk 1:22:29]} 19. Nxd5 {[%clk 1:00:12]} Nxd5 {[%clk
1:22:54]} 20. Qxd5 {[%clk 1:00:01]} Rc5 {[%clk 1:22:07]} 21. Qd3 {[%clk 0:59:18]}
Qe6 {[%clk 1:14:31]} 22. Rd2 {[%clk 0:55:53]} Kf8 {[%clk 1:13:54]} 23. Rfd1
{[%clk 0:54:45]} Ke7 {[%clk 1:12:53]} 24. Kf1 {[%clk 0:52:33]} a6 {[%clk
1:11:27]} 25. f3 {[%clk 0:48:09]} Qc4 {[%clk 1:09:57]} 26. Ke2 {[%clk 0:46:10]}
Qxd3+ {[%clk 1:09:44]} 27. Rxd3 {[%clk 0:46:00]} Ke6 {[%clk 1:09:45]} 28. Ke3
{[%clk 0:41:57]} b5 {[%clk 1:08:35]} 29. g4 {[%clk 0:38:31]} Rc7 {[%clk 1:07:24]}
30. h4 {[%clk 0:37:38]} Rcd7 {[%clk 1:06:51]} 1/2-1/2

[Event "U12 Polish Youth Championship"]
[Site "chess24.com"]
[Date "2018.04.30"]
[Round "3"]
[White "Serewa, Antoni"]
[Black "Kycia, Marek"]
[Result "1-0"]
[Board "21"]
[WhiteElo "1392"]
[WhiteCountry "POL"]
[WhiteFideId "21837198"]
[WhiteEloChange "12"]
[BlackElo "1460"]
[BlackCountry "POL"]
[BlackFideId "21863580"]
[BlackEloChange "-12"]

1. Nf3 {[%clk 1:30:14]} f5 {[%clk 1:30:55]} 2. d4 {[%clk 1:28:05]} d6 {[%clk
1:31:16]} 3. g3 {[%clk 1:27:20]} Nf6 {[%clk 1:31:39]} 4. Bg2 {[%clk 1:27:41]} g6
{[%clk 1:32:01]} 5. b3 {[%clk 1:27:18]} Bg7 {[%clk 1:31:59]} 6. Bb2 {[%clk
1:27:30]} O-O {[%clk 1:32:17]} 7. O-O {[%clk 1:26:56]} c6 {[%clk 1:32:29]} 8.
Nbd2 {[%clk 1:26:54]} Qe8 {[%clk 1:31:56]} 9. c4 {[%clk 1:25:11]} h6 {[%clk
1:31:46]} 10. Qc2 {[%clk 1:23:59]} Nbd7 {[%clk 1:31:41]} 11. Rfd1 {[%clk
1:21:47]} e5 {[%clk 1:31:36]} 12. dxe5 {[%clk 1:20:54]} dxe5 {[%clk 1:31:54]} 13.
e4 {[%clk 1:20:39]} Nh5 {[%clk 1:29:11]} 14. c5 {[%clk 1:14:47]} Kh8 {[%clk
1:24:56]} 15. b4 {[%clk 1:12:14]} Qe6 {[%clk 1:14:43]} 16. Nc4 {[%clk 1:09:54]}
Rb8 {[%clk 1:01:30]} 17. Nh4 {[%clk 1:05:11]} f4 {[%clk 1:00:58]} 18. Rd6 {[%clk
1:04:15]} Qf7 {[%clk 0:58:53]} 19. Nxg6+ {[%clk 1:03:05]} Kh7 {[%clk 0:59:05]}
20. Nxf8+ {[%clk 1:02:55]} Qxf8 {[%clk 0:59:07]} 21. Qe2 {[%clk 1:00:18]} Qf7
{[%clk 0:58:36]} 22. Bf3 {[%clk 0:57:37]} 1-0

[Event "U12 Polish Youth Championship"]
[Site "chess24.com"]
[Date "2018.04.30"]
[Round "3"]
[White "Kozlowski, Michal"]
[Black "Malinowski, Szymon"]
[Result "0-1"]
[Board "22"]
[WhiteElo "1327"]
[WhiteCountry "POL"]
[WhiteFideId "21812144"]
[WhiteEloChange "-4"]
[BlackElo "1549"]
[BlackCountry "POL"]
[BlackFideId "21832757"]
[BlackEloChange "4"]

1. e4 {[%clk 1:30:56]} c6 {[%clk 1:30:29]} 2. d4 {[%clk 1:30:52]} d5 {[%clk
1:30:45]} 3. exd5 {[%clk 1:31:14]} cxd5 {[%clk 1:31:07]} 4. Bd3 {[%clk 1:31:38]}
Nc6 {[%clk 1:31:32]} 5. c3 {[%clk 1:31:59]} e6 {[%clk 1:31:56]} 6. Nf3 {[%clk
1:32:11]} Nf6 {[%clk 1:31:51]} 7. Nbd2 {[%clk 1:32:08]} Bd6 {[%clk 1:30:44]} 8.
Nb3 {[%clk 1:32:20]} Rb8 {[%clk 1:30:19]} 9. Bg5 {[%clk 1:32:31]} b5 {[%clk
1:14:15]} 10. a3 {[%clk 1:29:20]} a5 {[%clk 1:14:14]} 11. Qd2 {[%clk 1:26:41]}
Qc7 {[%clk 1:12:53]} 12. Nc1 {[%clk 1:21:24]} h6 {[%clk 1:09:58]} 13. Bxf6 {[%clk
1:21:01]} gxf6 {[%clk 1:10:14]} 14. b4 {[%clk 1:21:04]} a4 {[%clk 1:10:18]} 15.
Ne2 {[%clk 1:16:58]} e5 {[%clk 1:07:47]} 16. dxe5 {[%clk 1:15:50]} fxe5 {[%clk
1:06:56]} 17. Bc2 {[%clk 1:15:19]} Be6 {[%clk 1:06:18]} 18. Nh4 {[%clk 1:05:48]}
Ne7 {[%clk 1:00:40]} 19. Ng3 {[%clk 0:59:36]} e4 {[%clk 0:56:19]} 20. Ne2 {[%clk
0:54:40]} Be5 {[%clk 0:54:23]} 21. Rc1 {[%clk 0:52:00]} Qc4 {[%clk 0:52:32]} 22.
Bb1 {[%clk 0:50:55]} Bg7 {[%clk 0:52:26]} 23. Ba2 {[%clk 0:50:15]} e3 {[%clk
0:51:20]} 24. fxe3 {[%clk 0:47:35]} Qxh4+ {[%clk 0:51:34]} 25. g3 {[%clk
0:48:04]} Qe4 {[%clk 0:51:41]} 26. Rf1 {[%clk 0:46:38]} Be5 {[%clk 0:48:28]} 27.
Nf4 {[%clk 0:45:01]} Nf5 {[%clk 0:43:08]} 28. Nxe6 {[%clk 0:42:36]} fxe6 {[%clk
0:42:51]} 29. Ke2 {[%clk 0:42:51]} Qg4+ {[%clk 0:42:19]} 30. Ke1 {[%clk 0:42:28]}
Rd8 {[%clk 0:38:44]} 31. Rf2 {[%clk 0:41:00]} Qe4 {[%clk 0:36:18]} 32. Ke2 {[%clk
0:40:34]} Nd6 {[%clk 0:35:48]} 33. Rd1 {[%clk 0:40:23]} Qg4+ {[%clk 0:35:17]} 34.
Ke1 {[%clk 0:40:22]} Ne4 {[%clk 0:35:15]} 0-1

[Event "U12 Polish Youth Championship"]
[Site "chess24.com"]
[Date "2018.04.30"]
[Round "3"]
[White "Dembicki, Karol"]
[Black "Demski, Michal"]
[Result "0-1"]
[Board "23"]
[WhiteElo "1370"]
[WhiteCountry "POL"]
[WhiteFideId "21809747"]
[WhiteEloChange "-6"]
[BlackElo "1538"]
[BlackCountry "POL"]
[BlackFideId "21835780"]
[BlackEloChange "6"]

1. e4 {[%clk 1:30:54]} e5 {[%clk 1:30:41]} 2. f4 {[%clk 1:31:19]} Nc6 {[%clk
1:30:35]} 3. Bc4 {[%clk 1:31:20]} Bc5 {[%clk 1:29:53]} 4. Nf3 {[%clk 1:30:29]} d6
{[%clk 1:28:35]} 5. Nc3 {[%clk 1:28:54]} Nf6 {[%clk 1:27:47]} 6. d3 {[%clk
1:28:14]} Bg4 {[%clk 1:24:39]} 7. h3 {[%clk 1:27:42]} Bxf3 {[%clk 1:23:08]} 8.
Qxf3 {[%clk 1:27:46]} Nd4 {[%clk 1:23:23]} 9. Qd1 {[%clk 1:28:04]} Nd7 {[%clk
1:22:31]} 10. h4 {[%clk 1:23:05]} c6 {[%clk 1:19:32]} 11. Bd2 {[%clk 1:22:00]}
Qf6 {[%clk 1:19:21]} 12. f5 {[%clk 1:21:45]} h6 {[%clk 1:15:34]} 13. Ne2 {[%clk
1:15:43]} O-O-O {[%clk 1:13:02]} 14. Nxd4 {[%clk 1:15:24]} exd4 {[%clk 1:11:31]}
15. Bf4 {[%clk 1:02:08]} Rde8 {[%clk 1:10:11]} 16. g4 {[%clk 1:00:26]} d5 {[%clk
1:08:24]} 17. Bb3 {[%clk 0:58:28]} dxe4 {[%clk 1:06:35]} 18. Kd2 {[%clk 0:58:31]}
Bd6 {[%clk 1:05:01]} 19. Bxd6 {[%clk 0:54:56]} Qxd6 {[%clk 1:04:47]} 20. Qf1
{[%clk 0:50:17]} exd3 {[%clk 1:02:24]} 21. cxd3 {[%clk 0:49:01]} Re3 {[%clk
1:01:31]} 22. Bxf7 {[%clk 0:46:20]} Qb4+ {[%clk 1:01:21]} 23. Kc2 {[%clk
0:45:54]} Nc5 {[%clk 1:00:44]} 24. Rd1 {[%clk 0:41:46]} Rf8 {[%clk 0:59:26]} 25.
Bg6 {[%clk 0:38:01]} a5 {[%clk 0:58:15]} 26. Rh2 {[%clk 0:32:11]} Na4 {[%clk
0:54:33]} 27. Kc1 {[%clk 0:29:19]} Re5 {[%clk 0:54:11]} 28. Rdd2 {[%clk 0:25:48]}
Rd8 {[%clk 0:52:27]} 29. Rhe2 {[%clk 0:24:28]} Rc5+ {[%clk 0:50:57]} 30. Kd1
{[%clk 0:23:01]} Nc3+ {[%clk 0:50:42]} 31. Ke1 {[%clk 0:23:16]} Nb1 {[%clk
0:50:24]} 32. Kd1 {[%clk 0:22:14]} Nxd2 {[%clk 0:50:10]} 33. Rxd2 {[%clk
0:22:38]} Qa4+ {[%clk 0:50:01]} 34. b3 {[%clk 0:22:26]} Qa3 {[%clk 0:50:16]} 35.
Ke2 {[%clk 0:22:00]} Qb4 {[%clk 0:49:20]} 36. Qf4 {[%clk 0:20:59]} Rdd5 {[%clk
0:48:36]} 37. Kf2 {[%clk 0:18:30]} Re5 {[%clk 0:47:38]} 38. g5 {[%clk 0:17:45]}
hxg5 {[%clk 0:47:39]} 39. hxg5 {[%clk 0:18:02]} Qb5 {[%clk 0:47:46]} 40. Qxd4
{[%clk 0:13:57]} Rcd5 {[%clk 0:46:39]} 41. Qg4 {[%clk 0:11:15]} Kb8 {[%clk
0:43:25]} 42. f6 {[%clk 0:10:17]} Rxg5 {[%clk 0:40:45]} 43. Qf4+ {[%clk 0:08:48]}
Ka7 {[%clk 0:40:34]} 44. Qe3+ {[%clk 0:08:15]} Qb6 {[%clk 0:40:17]} 45. Qxb6+
{[%clk 0:06:53]} Kxb6 {[%clk 0:40:41]} 46. Be4 {[%clk 0:06:15]} Rd8 {[%clk
0:39:16]} 47. fxg7 {[%clk 0:06:26]} Rxg7 {[%clk 0:39:33]} 48. Ke2 {[%clk
0:05:43]} Rh8 {[%clk 0:39:18]} 49. Kd1 {[%clk 0:05:44]} Kc5 {[%clk 0:38:54]} 50.
Kc2 {[%clk 0:05:56]} Rg1 {[%clk 0:37:29]} 51. d4+ {[%clk 0:05:25]} Kd6 {[%clk
0:37:12]} 52. d5 {[%clk 0:05:11]} Ke5 {[%clk 0:35:13]} 53. Bf3 {[%clk 0:03:22]}
Kf4 {[%clk 0:34:31]} 54. Bd1 {[%clk 0:01:46]} cxd5 {[%clk 0:34:29]} 55. Rxd5
{[%clk 0:01:42]} Rh2+ {[%clk 0:34:37]} 56. Kb1 {[%clk 0:01:00]} Ke3 {[%clk
0:34:31]} 57. Kc1 {[%clk 0:00:31]} Rxa2 {[%clk 0:34:47]} 58. Rd7 {[%clk 0:00:38]}
Ra1+ {[%clk 0:34:56]} 59. Kc2 {[%clk 0:01:02]} Raxd1 {[%clk 0:35:07]} 60. Rxd1
{[%clk 0:00:31]} Rxd1 {[%clk 0:35:31]} 61. Kxd1 {[%clk 0:00:31]} Kd3 {[%clk
0:35:31]} 0-1

[Event "U12 Polish Youth Championship"]
[Site "chess24.com"]
[Date "2018.04.30"]
[Round "3"]
[White "Doskocz, Karol"]
[Black "Kolodziejski, Piotr"]
[Result "0-1"]
[Board "24"]
[WhiteElo "1467"]
[WhiteCountry "POL"]
[WhiteFideId "21835802"]
[WhiteEloChange "-11"]
[BlackElo "1418"]
[BlackCountry "POL"]
[BlackFideId "21840962"]
[BlackEloChange "11"]

1. e4 {[%clk 1:30:38]} c6 {[%clk 1:30:57]} 2. d4 {[%clk 1:29:51]} d5 {[%clk
1:31:22]} 3. f3 {[%clk 1:29:43]} Nf6 {[%clk 1:26:55]} 4. e5 {[%clk 1:20:42]} Ng8
{[%clk 1:23:48]} 5. Nc3 {[%clk 1:14:48]} Bf5 {[%clk 1:22:41]} 6. Bd3 {[%clk
1:13:22]} Bxd3 {[%clk 1:20:24]} 7. Qxd3 {[%clk 1:13:38]} e6 {[%clk 1:18:43]} 8.
Nge2 {[%clk 1:07:34]} Ne7 {[%clk 1:11:38]} 9. Bg5 {[%clk 1:03:59]} Qc7 {[%clk
1:10:29]} 10. O-O-O {[%clk 0:57:43]} h6 {[%clk 1:08:44]} 11. Be3 {[%clk 0:56:25]}
Nd7 {[%clk 1:04:03]} 12. f4 {[%clk 0:53:17]} O-O-O {[%clk 1:01:00]} 13. g4 {[%clk
0:47:20]} g6 {[%clk 0:57:12]} 14. h3 {[%clk 0:45:12]} Kb8 {[%clk 0:54:27]} 15.
Kb1 {[%clk 0:43:29]} Nc8 {[%clk 0:51:19]} 16. Nc1 {[%clk 0:40:56]} c5 {[%clk
0:41:40]} 17. dxc5 {[%clk 0:37:08]} Bxc5 {[%clk 0:41:37]} 18. Nb3 {[%clk
0:29:01]} Bxe3 {[%clk 0:35:20]} 19. Qxe3 {[%clk 0:29:19]} a6 {[%clk 0:34:00]} 20.
Rd3 {[%clk 0:25:50]} Ncb6 {[%clk 0:29:24]} 21. a3 {[%clk 0:25:05]} Nc4 {[%clk
0:27:33]} 22. Qf2 {[%clk 0:24:27]} Qc6 {[%clk 0:24:04]} 23. Nd2 {[%clk 0:22:13]}
Nxd2+ {[%clk 0:20:16]} 24. Qxd2 {[%clk 0:22:16]} d4 {[%clk 0:20:31]} 25. Rd1
{[%clk 0:19:45]} dxc3 {[%clk 0:20:03]} 26. Rxc3 {[%clk 0:19:54]} Qb6 {[%clk
0:19:45]} 27. Rb3 {[%clk 0:20:03]} Qc7 {[%clk 0:16:47]} 28. Rc3 {[%clk 0:20:00]}
Nc5 {[%clk 0:16:01]} 29. Qe2 {[%clk 0:17:11]} Rxd1+ {[%clk 0:16:00]} 30. Qxd1
{[%clk 0:17:36]} Qe7 {[%clk 0:15:44]} 31. Qd4 {[%clk 0:15:51]} Rc8 {[%clk
0:14:38]} 32. b4 {[%clk 0:15:11]} Na4 {[%clk 0:13:15]} 33. Rxc8+ {[%clk 0:15:12]}
Kxc8 {[%clk 0:13:16]} 34. Qc4+ {[%clk 0:15:12]} Qc7 {[%clk 0:13:33]} 35. Qxc7+
{[%clk 0:15:05]} Kxc7 {[%clk 0:13:58]} 36. c4 {[%clk 0:15:27]} Nc3+ {[%clk
0:12:39]} 37. Kc2 {[%clk 0:15:52]} Ne2 {[%clk 0:13:02]} 38. Kd2 {[%clk 0:16:12]}
Nxf4 {[%clk 0:13:20]} 39. h4 {[%clk 0:16:38]} Ng2 {[%clk 0:13:27]} 40. h5 {[%clk
0:16:10]} gxh5 {[%clk 0:13:43]} 41. gxh5 {[%clk 0:16:21]} Nf4 {[%clk 0:13:44]}
42. Ke3 {[%clk 0:16:34]} Nxh5 {[%clk 0:14:06]} 43. Kf3 {[%clk 0:16:29]} Ng7
{[%clk 0:14:29]} 44. Kg4 {[%clk 0:16:45]} Kc6 {[%clk 0:14:43]} 45. a4 {[%clk
0:16:54]} a5 {[%clk 0:14:32]} 0-1

[Event "U12 Polish Youth Championship"]
[Site "chess24.com"]
[Date "2018.04.30"]
[Round "3"]
[White "Pazdzierz, Piotr"]
[Black "Wydmanski, Szymon"]
[Result "1-0"]
[Board "25"]
[WhiteElo "1440"]
[WhiteCountry "POL"]
[WhiteFideId "21810419"]
[WhiteEloChange "8"]
[BlackElo "1361"]
[BlackCountry "POL"]
[BlackFideId "21866759"]
[BlackEloChange "-8"]

1. e4 {[%clk 1:30:58]} c5 {[%clk 1:30:28]} 2. Nf3 {[%clk 1:31:24]} d6 {[%clk
1:30:48]} 3. d4 {[%clk 1:31:47]} cxd4 {[%clk 1:31:09]} 4. Nxd4 {[%clk 1:32:11]}
Nf6 {[%clk 1:31:28]} 5. Nc3 {[%clk 1:32:21]} a6 {[%clk 1:31:09]} 6. Bg5 {[%clk
1:32:02]} e6 {[%clk 1:31:10]} 7. f4 {[%clk 1:31:57]} h6 {[%clk 1:30:40]} 8. Bh4
{[%clk 1:31:45]} Qb6 {[%clk 1:29:56]} 9. Qd2 {[%clk 1:20:13]} Nbd7 {[%clk
1:25:33]} 10. O-O-O {[%clk 1:19:13]} Be7 {[%clk 1:23:25]} 11. Bf2 {[%clk
1:11:50]} Qc7 {[%clk 1:21:05]} 12. Be2 {[%clk 1:09:16]} b5 {[%clk 1:15:53]} 13.
Bf3 {[%clk 1:02:53]} Bb7 {[%clk 1:14:20]} 14. Rhe1 {[%clk 1:01:03]} Nc5 {[%clk
1:11:16]} 15. a3 {[%clk 0:47:44]} Qa5 {[%clk 0:58:28]} 16. e5 {[%clk 0:27:28]}
Bxf3 {[%clk 0:51:17]} 17. gxf3 {[%clk 0:21:58]} dxe5 {[%clk 0:43:49]} 18. fxe5
{[%clk 0:10:15]} Nfd7 {[%clk 0:38:33]} 19. Nc6 {[%clk 0:05:02]} Qc7 {[%clk
0:37:27]} 20. Nxe7 {[%clk 0:04:38]} Kxe7 {[%clk 0:36:40]} 21. f4 {[%clk 0:02:57]}
Rhd8 {[%clk 0:33:22]} 22. Bh4+ {[%clk 0:02:09]} f6 {[%clk 0:32:52]} 23. Qe2
{[%clk 0:01:25]} Nf8 {[%clk 0:16:22]} 24. Rxd8 {[%clk 0:00:55]} Rxd8 {[%clk
0:16:17]} 25. Rg1 {[%clk 0:00:36]} g6 {[%clk 0:09:45]} 26. Bxf6+ {[%clk 0:00:58]}
Kf7 {[%clk 0:09:14]} 27. Bxd8 {[%clk 0:01:19]} Qxd8 {[%clk 0:09:39]} 28. Rd1
{[%clk 0:01:24]} Qh4 {[%clk 0:09:00]} 29. Qe3 {[%clk 0:01:08]} Ncd7 {[%clk
0:06:53]} 30. h3 {[%clk 0:01:24]} Ke8 {[%clk 0:05:02]} 31. Ne4 {[%clk 0:01:37]}
Ke7 {[%clk 0:04:49]} 32. Nc5 {[%clk 0:01:21]} a5 {[%clk 0:03:34]} 33. Nxd7 {[%clk
0:01:27]} Nxd7 {[%clk 0:03:48]} 34. Qa7 {[%clk 0:01:25]} Qxf4+ {[%clk 0:03:03]}
35. Kb1 {[%clk 0:01:42]} Qxe5 {[%clk 0:03:12]} 36. Rxd7+ {[%clk 0:01:44]} Kf6
{[%clk 0:03:33]} 37. Rf7+ {[%clk 0:01:51]} Kg5 {[%clk 0:03:59]} 38. Qg1+ {[%clk
0:02:09]} Kh5 {[%clk 0:04:11]} 39. Qg4# {[%clk 0:02:32]} 1-0

[Event "U12 Polish Youth Championship"]
[Site "chess24.com"]
[Date "2018.04.30"]
[Round "3"]
[White "Katny, Samuel"]
[Black "Jarocki, Gabriel"]
[Result "1/2-1/2"]
[Board "26"]
[WhiteElo "1343"]
[WhiteCountry "POL"]
[WhiteFideId "21846693"]
[WhiteEloChange "2"]
[BlackElo "1427"]
[BlackCountry "POL"]
[BlackFideId "21852871"]
[BlackEloChange "-2"]

1. e4 {[%clk 1:30:56]} e6 {[%clk 1:30:51]} 2. Nc3 {[%clk 1:31:09]} d5 {[%clk
1:31:06]} 3. exd5 {[%clk 1:31:02]} exd5 {[%clk 1:31:21]} 4. d4 {[%clk 1:31:12]}
Nf6 {[%clk 1:31:12]} 5. Nf3 {[%clk 1:31:10]} Bb4 {[%clk 1:31:30]} 6. Bd2 {[%clk
1:31:11]} Bg4 {[%clk 1:31:15]} 7. Be2 {[%clk 1:31:25]} Nc6 {[%clk 1:31:33]} 8.
O-O {[%clk 1:31:38]} Bxf3 {[%clk 1:31:32]} 9. Bxf3 {[%clk 1:31:49]} Nxd4 {[%clk
1:31:24]} 10. Re1+ {[%clk 1:29:54]} Ne6 {[%clk 1:31:41]} 11. a3 {[%clk 1:24:18]}
Be7 {[%clk 1:31:39]} 12. Bg4 {[%clk 1:20:03]} Nxg4 {[%clk 1:31:26]} 13. Qxg4
{[%clk 1:20:22]} O-O {[%clk 1:31:37]} 14. Rad1 {[%clk 1:19:17]} c6 {[%clk
1:31:56]} 15. Ne2 {[%clk 1:17:57]} Bf6 {[%clk 1:31:51]} 16. c3 {[%clk 1:17:54]}
Re8 {[%clk 1:31:03]} 17. Ng3 {[%clk 1:18:11]} Qb6 {[%clk 1:30:29]} 18. Nh5 {[%clk
1:17:39]} Qd8 {[%clk 1:30:25]} 19. Bf4 {[%clk 1:13:43]} g6 {[%clk 1:29:31]} 20.
h3 {[%clk 1:04:09]} Bg7 {[%clk 1:29:40]} 21. Ng3 {[%clk 0:59:15]} Nxf4 {[%clk
1:29:23]} 22. Qxf4 {[%clk 0:59:10]} Qd7 {[%clk 1:29:20]} 23. Ne2 {[%clk 0:55:08]}
Re6 {[%clk 1:29:07]} 24. Nc1 {[%clk 0:55:03]} Rae8 {[%clk 1:28:38]} 25. Rxe6
{[%clk 0:54:12]} Qxe6 {[%clk 1:28:59]} 26. Nd3 {[%clk 0:54:34]} Be5 {[%clk
1:27:21]} 27. Qa4 {[%clk 0:49:38]} Bb8 {[%clk 1:27:09]} 28. Qb4 {[%clk 0:48:39]}
Qd6 {[%clk 1:27:14]} 29. g3 {[%clk 0:45:36]} Qxb4 {[%clk 1:27:28]} 30. Nxb4
{[%clk 0:45:55]} Bd6 {[%clk 1:27:46]} 31. Nd3 {[%clk 0:45:49]} f5 {[%clk
1:27:19]} 32. Kg2 {[%clk 0:45:43]} Kf7 {[%clk 1:27:07]} 33. Kf3 {[%clk 0:45:25]}
Kf6 {[%clk 1:27:18]} 34. Nc1 {[%clk 0:43:25]} Bc5 {[%clk 1:27:19]} 35. Nb3 {[%clk
0:39:24]} Bb6 {[%clk 1:27:40]} 36. Nc1 {[%clk 0:39:22]} h5 {[%clk 1:27:09]} 37.
Nd3 {[%clk 0:38:23]} g5 {[%clk 1:27:27]} 38. Rh1 {[%clk 0:36:08]} Re4 {[%clk
1:23:51]} 39. Rg1 {[%clk 0:34:21]} h4 {[%clk 1:21:30]} 40. g4 {[%clk 0:24:48]}
fxg4+ {[%clk 1:21:07]} 41. Rxg4 {[%clk 0:24:39]} Rxg4 {[%clk 1:21:06]} 42. Kxg4
{[%clk 0:25:00]} Bc7 {[%clk 1:18:24]} 43. b3 {[%clk 0:20:08]} Bd6 {[%clk
1:17:28]} 44. b4 {[%clk 0:20:00]} b6 {[%clk 1:17:49]} 1/2-1/2

[Event "U12 Polish Youth Championship"]
[Site "chess24.com"]
[Date "2018.05.01"]
[Round "4"]
[White "Paprocki, Antoni"]
[Black "Meers, Hubert"]
[Result "1/2-1/2"]
[Board "1"]
[WhiteElo "1808"]
[WhiteCountry "POL"]
[WhiteFideId "21833745"]
[WhiteEloChange "-2"]
[BlackElo "1737"]
[BlackCountry "POL"]
[BlackFideId "21817014"]
[BlackEloChange "2"]

1. e4 {[%clk 1:30:57]} c5 {[%clk 1:30:46]} 2. Nf3 {[%clk 1:31:07]} d6 {[%clk
1:31:03]} 3. d4 {[%clk 1:31:16]} Nf6 {[%clk 1:30:56]} 4. Nc3 {[%clk 1:31:25]}
cxd4 {[%clk 1:31:19]} 5. Nxd4 {[%clk 1:31:25]} Nc6 {[%clk 1:31:37]} 6. Be2 {[%clk
1:31:05]} e5 {[%clk 1:31:31]} 7. Nb3 {[%clk 1:30:30]} Be7 {[%clk 1:31:44]} 8. Be3
{[%clk 1:30:30]} Be6 {[%clk 1:26:28]} 9. O-O {[%clk 1:29:31]} O-O {[%clk
1:26:44]} 10. Qd2 {[%clk 1:25:23]} d5 {[%clk 1:16:10]} 11. exd5 {[%clk 1:24:05]}
Nxd5 {[%clk 1:15:46]} 12. Nxd5 {[%clk 1:23:44]} Qxd5 {[%clk 1:15:48]} 13. Qxd5
{[%clk 1:19:28]} Bxd5 {[%clk 1:16:00]} 14. Rad1 {[%clk 1:19:40]} Rfd8 {[%clk
1:14:23]} 15. c3 {[%clk 1:15:18]} b6 {[%clk 1:13:31]} 16. f4 {[%clk 1:08:06]}
exf4 {[%clk 1:02:24]} 17. Bxf4 {[%clk 1:07:58]} Bf6 {[%clk 1:00:20]} 18. Ba6
{[%clk 0:56:29]} Ne7 {[%clk 0:56:20]} 19. c4 {[%clk 0:52:38]} Bc6 {[%clk
0:55:42]} 20. Bc7 {[%clk 0:51:37]} Rxd1 {[%clk 0:52:01]} 21. Rxd1 {[%clk
0:51:57]} Bxb2 {[%clk 0:52:12]} 22. c5 {[%clk 0:44:58]} Nd5 {[%clk 0:50:06]} 23.
Bg3 {[%clk 0:43:26]} g6 {[%clk 0:43:27]} 24. Bf2 {[%clk 0:38:31]} Be5 {[%clk
0:40:20]} 25. Bc4 {[%clk 0:35:44]} Nc3 {[%clk 0:33:52]} 26. Re1 {[%clk 0:31:49]}
Ne4 {[%clk 0:29:21]} 27. cxb6 {[%clk 0:29:41]} axb6 {[%clk 0:28:15]} 28. Bxb6
{[%clk 0:29:23]} Rxa2 {[%clk 0:27:44]} 29. Na5 {[%clk 0:26:32]} Rxa5 {[%clk
0:24:28]} 30. Bxa5 {[%clk 0:25:41]} Bd4+ {[%clk 0:24:53]} 31. Kf1 {[%clk
0:25:58]} Nd6 {[%clk 0:24:43]} 32. Bd3 {[%clk 0:25:38]} Bb5 {[%clk 0:24:11]} 33.
Bxb5 {[%clk 0:24:59]} Nxb5 {[%clk 0:24:36]} 34. Re8+ {[%clk 0:25:16]} Kg7 {[%clk
0:24:57]} 35. Rd8 {[%clk 0:24:18]} Bf6 {[%clk 0:24:58]} 36. Rd5 {[%clk 0:24:32]}
Nd4 {[%clk 0:25:07]} 37. Kf2 {[%clk 0:17:49]} Ne6 {[%clk 0:24:49]} 38. Bb4 {[%clk
0:16:00]} Bh4+ {[%clk 0:22:49]} 39. Kf3 {[%clk 0:15:14]} Bf6 {[%clk 0:23:11]} 40.
g3 {[%clk 0:13:52]} Nd4+ {[%clk 0:22:24]} 41. Ke4 {[%clk 0:13:30]} Ne6 {[%clk
0:22:44]} 42. Bd2 {[%clk 0:12:15]} Nc7 {[%clk 0:21:23]} 43. Rc5 {[%clk 0:10:20]}
Ne6 {[%clk 0:21:50]} 44. Rc6 {[%clk 0:09:49]} Ng5+ {[%clk 0:19:14]} 45. Bxg5
{[%clk 0:07:11]} Bxg5 {[%clk 0:19:35]} 46. h4 {[%clk 0:05:47]} Be7 {[%clk
0:18:58]} 47. Ke5 {[%clk 0:05:07]} h5 {[%clk 0:17:31]} 48. Rc7 {[%clk 0:02:49]}
Bf6+ {[%clk 0:17:50]} 49. Kf4 {[%clk 0:02:42]} Bd8 {[%clk 0:17:43]} 50. Rd7
{[%clk 0:02:51]} Bf6 {[%clk 0:18:07]} 51. Rb7 {[%clk 0:02:41]} Bc3 {[%clk
0:16:30]} 52. Rb5 {[%clk 0:02:05]} Bf6 {[%clk 0:16:02]} 53. Ke4 {[%clk 0:02:12]}
Bd8 {[%clk 0:15:13]} 54. Rd5 {[%clk 0:02:13]} Bf6 {[%clk 0:15:08]} 55. Kd3 {[%clk
0:02:32]} Kh6 {[%clk 0:14:27]} 56. Ke4 {[%clk 0:01:24]} 1/2-1/2